Искусство программирования. Т. 3: Сортировка и поиск (Запись № 107700)

Подробности
000 -МАРКЕР
контрольное поле 01174nam2a2200265 4500
001 - ИДЕНТИФИКАТОР ЗАПИСИ
контрольное поле RU\NLR\bibl\327780
005 - ИДЕНТИФИКАТОР ВЕРСИИ
контрольное поле 20250621144105.0
010 ## - МЕЖДУНАРОДНЫЙ СТАНДАРТНЫЙ НОМЕР КНИГИ (ISBN)
Номер (ISBN) 5-8459-0082-4
Тираж 5000
035 ## - ДРУГИЕ СИСТЕМНЫЕ НОМЕРА
Идентификатор записи (NLR Aleph) 000322767
100 ## - ДАННЫЕ ОБЩЕЙ ОБРАБОТКИ
Данные общей обработки 20021028d2001 |||y0rusy50 ca
101 1# - ЯЗЫК РЕСУРСА
Язык текста, звукозаписи и т.д. русский
Язык оригинала английский
102 ## - СТРАНА ПУБЛИКАЦИИ ИЛИ ПРОИЗВОДСТВА
Страна публикации Российская Федерация
-- Украина
105 ## - ПОЛЕ КОДИРОВАННЫХ ДАННЫХ: ТЕКСТОВЫЕ МАТЕРИАЛЫ, МОНОГРАФИЧЕСКИЕ
Кодированные данные о монографическом текстовом документе a |||||||||
200 1# - ЗАГЛАВИЕ И СВЕДЕНИЯ ОБ ОТВЕТСТВЕННОСТИ
Основное заглавие Сортировка и поиск
Параллельное заглавие Sorting and Searcting
Первые сведения об ответственности [Пер. с англ. и ред. кандидатов техн. наук В.Т. Тертышного, И.В. Красикова]
210 ## - ПУБЛИКАЦИЯ, РАСПРОСТРАНЕНИЕ И ДР.
Дата издания, распространения и т.д. 2001
Место издания, распространения и т.д. Б. м.
215 ## - ФИЗИЧЕСКАЯ ХАРАКТЕРИСТИКА
Специфическое обозначение материала и объем 822 с.
Другие сведения о физической характеристике ил.
320 ## - ПРИМЕЧАНИЯ О НАЛИЧИИ В ДОКУМЕНТЕ БИБЛИОГРАФИИ / УКАЗАТЕЛЯ
Текст примечания Предм.-имен. указ.: с. 804-822
461 #0 - УРОВЕНЬ НАБОРА
Встроенное поле 001RU\NLR\bibl\386616
-- 2001#$aИскусство программирования$vТ. 3
Системный номер (АБИС) связанной записи 455365
Автор Кнут, Д. Э.
Место публикации М. и др.
Дата публикации 2001
Издание 2-е изд.,[испр. и доп.]
Первые сведения об ответственности Доналд Э. Кнут
Имя издателя, распространителя и т.д. Вильямс
Сведения, относящиеся к заглавию [В 3 т. : Учеб. пособие]
Заглавие Искусство программирования
Номер тома Т. 3
510 0# - ПАРАЛЛЕЛЬНОЕ ЗАГЛАВИЕ
Параллельное заглавие Sorting and Searcting
Язык заглавия английский
801 #0 - ИСТОЧНИК ЗАПИСИ
Страна Российская Федерация
Организация NLR
Дата составления 20021028
Правила каталогизации PSBO
801 #1 - ИСТОЧНИК ЗАПИСИ
Страна Российская Федерация
Организация NLR
Дата составления 20021028
942 ## - ДОПОЛНИТЕЛЬНЫЕ ЭЛЕМЕНТЫ ЗАПИСИ (АБИС)
Тип экземпляра АБИС Книга
980 ## - КОЛЛЕКЦИЯ
Название коллекции Национальная библиография
Экземпляры
Тип экземпляра Дата поступления Источник поступления Стоимость Библиотека постоянного хранения Библиотека текущего хранения Место хранения Шифр хранения Штрих-код Статус экземпляра
Книга 28.10.2002 Покупка 424.80 РНБ (Московский) РНБ (Московский) Русский книжный фонд: издания с 1957 года 2002-7/4399 357886  
Книга 28.10.2002 Подсобные фонды РНБ   РНБ (Московский) РНБ (Московский) Русский книжный фонд: издания с 1957 года 2002-7/4399 357887